<?xml version="1.0" encoding="UTF-8"?>
<collection xmlns="http://www.loc.gov/MARC21/slim">
 <record>
  <leader>00884nam a22001935a 4500</leader>
  <controlfield tag="001">EEA.libagro000437</controlfield>
  <controlfield tag="008">130809s1970####ag#a##########000#0#spa#d</controlfield>
  <controlfield tag="005">20191022124719.0</controlfield>
  <datafield tag="245" ind1="1" ind2="0">
   <subfield code="a">Análisis de frecuencia y probabilidad de crecidas máximas para los ríos Negro y Colorado /</subfield>
   <subfield code="c">Rodolfo O. Curveto, Marta N. García, Jorge A. Luque.</subfield>
  </datafield>
  <datafield tag="260" ind1=" " ind2=" ">
   <subfield code="a">[Río Negro] :</subfield>
   <subfield code="b">Ministerio de Economía, Subsecretaría de Asuntos Agrarios,</subfield>
   <subfield code="c">1970.</subfield>
  </datafield>
  <datafield tag="300" ind1=" " ind2=" ">
   <subfield code="a">18 p. :</subfield>
   <subfield code="b">tablas., gráf. ;</subfield>
   <subfield code="c">27 cm.</subfield>
  </datafield>
  <datafield tag="500" ind1=" " ind2=" ">
   <subfield code="a">Trabajo de cátedra nº 9.</subfield>
  </datafield>
  <datafield tag="700" ind1="1" ind2=" ">
   <subfield code="a">Curveto, Rodolfo O.</subfield>
  </datafield>
  <datafield tag="700" ind1="1" ind2=" ">
   <subfield code="a">García, Marta N.</subfield>
  </datafield>
  <datafield tag="700" ind1="1" ind2=" ">
   <subfield code="a">Luque, Jorge Alfredo.</subfield>
  </datafield>
  <datafield tag="710" ind1="2" ind2=" ">
   <subfield code="a">Río Negro (Argentina : Provincia).</subfield>
   <subfield code="b">Ministerio de Economía.</subfield>
   <subfield code="b">Subsecretaría de Asuntos Agrarios.</subfield>
  </datafield>
  <datafield tag="082" ind1="0" ind2="4">
   <subfield code="a">551.483</subfield>
  </datafield>
  <datafield tag="859" ind1=" " ind2=" ">
   <subfield code="a">AR-BbBCA</subfield>
   <subfield code="b">BIB. AGRONOMIA</subfield>
   <subfield code="h">551.483</subfield>
   <subfield code="i">C981</subfield>
   <subfield code="p">1975/0065</subfield>
  </datafield>
  <datafield tag="859" ind1=" " ind2=" ">
   <subfield code="a">AR-BbBCA</subfield>
   <subfield code="b">BIB. AGRONOMIA</subfield>
   <subfield code="h">551.483</subfield>
   <subfield code="i">C981</subfield>
   <subfield code="p">1981/0052</subfield>
   <subfield code="t">Ej.2</subfield>
  </datafield>
 </record>
</collection>
